|
|
|
|
| LEADER |
01509nam a2200361Ia 4500 |
| 001 |
EBC3572080 |
| 003 |
MiAaPQ |
| 005 |
20200520144314.0 |
| 006 |
m o d | |
| 007 |
cr cn||||||||| |
| 008 |
050513s2005 ne a sb 101 0 eng d |
| 020 |
|
|
|z 9076998752 (pbk.)
|
| 020 |
|
|
|z 9789076998756
|
| 020 |
|
|
|z 9789086865536
|
| 035 |
|
|
|a (MiAaPQ)EBC3572080
|
| 035 |
|
|
|a (Au-PeEL)EBL3572080
|
| 035 |
|
|
|a (CaPaEBR)ebr10686835
|
| 035 |
|
|
|a (OCoLC)932327327
|
| 040 |
|
|
|a MiAaPQ
|c MiAaPQ
|d MiAaPQ
|
| 050 |
|
4 |
|a SB195
|b .I58 2005
|
| 111 |
2 |
|
|a International Silage Conference
|n (14th :
|d 2005 :
|c Belfast, Northen Ireland)
|
| 245 |
1 |
0 |
|a Silage production and utilisation
|h [electronic resource] :
|b proceedings of the XIVth International Silage Conference, a satellite workshop of the XXth International Grassland Congress, July 2005, Belfast, Northern Ireland /
|c edited by R.S. Park, M.D. Stronge.
|
| 260 |
|
|
|a Wageningen :
|b Wageningen Academic Publishers,
|c 2005.
|
| 300 |
|
|
|a 287 p. :
|b ill.
|
| 504 |
|
|
|a Includes bibliographical references and index.
|
| 533 |
|
|
|a Electronic reproduction. Ann Arbor, MI : ProQuest, 2016. Available via World Wide Web. Access may be limited to ProQuest affiliated libraries.
|
| 650 |
|
0 |
|a Silage
|v Congresses.
|
| 650 |
|
0 |
|a Feeds
|v Congresses.
|
| 655 |
|
4 |
|a Electronic books.
|
| 700 |
1 |
|
|a Park, R. S.
|
| 700 |
1 |
|
|a Stronge, M. D.
|
| 710 |
2 |
|
|a ProQuest (Firm)
|
| 856 |
4 |
0 |
|u https://ebookcentral.proquest.com/lib/matrademy/detail.action?docID=3572080
|z Click to View
|